000 00329nam a22001457a 4500
008 210303b ||||| |||| 00| 0 eng d
020 _a9781133594727
041 _aeng
080 _27th
_a343.9
082 _a343.9
100 _a13
101 _aKRI
245 _aAn Introductin to Policing
_cDempsey, J. S
942 _2udc
_cBK
999 _c55657
_d55657